Best Overall Defenses in College Football - Statistics

General Stats
  • This quiz has been taken 37 times
  • The average score is 19 of 25
Answer Stats
PAPG School % Correct
11.69 Alabama
100%
14.30 Georgia
97%
12.20 Michigan
93%
15.25 Florida
90%
12.80 Ohio State
90%
14.02 USC
90%
14.06 Oklahoma
86%
14.23 Texas
86%
15.12 Clemson
83%
13.98 LSU
83%
13.39 Notre Dame
83%
14.26 Tennessee
83%
16.13 Miami (FL)
79%
13.25 Penn State
79%
15.88 Washington
79%
15.97 Michigan State
76%
14.35 Nebraska
76%
16.06 Wisconsin
76%
14.77 Auburn
69%
16.26 Arkansas
62%
16.01 Georgia Tech
62%
15.27 Texas A&M
59%
14.91 Virginia Tech
59%
16.07 Army
52%
15.65 Miami (OH)
17%
No matching quizzes found
Score Distribution
Percent of People with Each Score
Percentile by Number Answered
Your Score History
You have not taken this quiz